000 00532nam a2200181Ia 4500
999 _c7259
_d7259
003 OSt
005 20200127122414.0
008 190216s9999||||xx |||||||||||||| ||und||
020 _a9780070263628
040 _coclc
082 _a658.401
_bKAZ/S
100 _aKazmi, Azhar
_91347
245 0 _aStrategic Management And Business Policy /
_cAzhar Kazmi
250 _a3rd ed.
260 _bTata Mcgrawhill Publishers,
_aNew Delhi:
_c2008.
300 _a698p
942 _cBK
_2ddc
_h658.401
_iKAZ/S
_k658.401
_mKAZ/S